| 000 | 00473nam a22001817a 4500 | ||
|---|---|---|---|
| 003 | CEME | ||
| 005 | 20210628201733.0 | ||
| 008 | 210201b xxu||||| |||| 00| 0 eng d | ||
| 020 | _a0-671-04056-1 | ||
| 040 | _c. | ||
| 082 | _a823.008 WIN | ||
| 100 |
_aWinfrey, Elizabeth _956592 |
||
| 245 | _aFull house sisters,how to hide a horse | ||
| 260 |
_aNEW YORK _bAWARD PUBLICATION _c1999 |
||
| 300 | _a138P | ||
| 650 |
_aENGLISH LITERATURE-FICTION _91857 |
||
| 942 |
_cBK _2ddc |
||
| 999 |
_c566974 _d566974 |
||